| 000 | 00371nam a2200133Ia 4500 | ||
|---|---|---|---|
| 005 | 20260326100024.0 | ||
| 008 | 260326s9999||||xx |||||||||||||| ||und|| | ||
| 100 | _aCardona G., Ramiro | ||
| 245 | 0 |
_aAmérica Latina : _b Distribución espacial de la población / _cRamiro Cardona G. |
|
| 260 | _bCanal Ramirez | ||
| 300 | _a544 p. | ||
| 650 | _aLATINOAMÉRICA | ||
| 942 | _cBK | ||
| 999 |
_c6321 _d6321 |
||